000 00646nam a22002297a 4500
003 BCEG
005 20260115124925.0
008 260115r19911990mx |||||||||||||||f|spa d
020 _a847223195X
040 _aBCEG
_bspa
_cBCEG
082 _a833.91
_bD793v
100 1 _aDürrenmatt, Friedrich,
_d1921-1990.
245 1 3 _aEl valle del caos.
260 _aMéxico :
_bTusquets : Patria,
_c1990 (reimpresión 1991).
300 _a184 p.
490 _aAndanzas ;
_v132.
534 _pTítulo original:
_tDurcheinandertal.
541 _aDonación.
650 1 4 _aNovela suiza.
700 1 _aSolar, Juan José del,
_d1949-2014,
_etr.
942 _cBK
999 _c437009
_d437009